000 00317nam a2200133Ia 4500
008 151001s9999||||xx |||||||||||||| ||und||
100 _aमीना - प्रभू
245 _aदक्षिणरंग
250 _a1
260 _bक्ष
260 _c1999
300 _a331
365 _b21
999 _c976012
_d976009